Los orígenes del poder en Mesoamérica

সংরক্ষণ করুন:
গ্রন্থ-পঞ্জীর বিবরন
প্রধান লেখক: Florescano, Enrique (Author)
বিন্যাস: গ্রন্থ
ভাষা:স্প্যানিশ
প্রকাশিত: Ciudad de México FCE 2009
বিষয়গুলি:
ট্যাগগুলো: ট্যাগ যুক্ত করুন
কোনো ট্যাগ নেই, প্রথমজন হিসাবে ট্যাগ করুন!

MARC

LEADER 00000cam a2200000 a 4500
001 UCG2102
003 CL-VaPUC
008 100610e20090000MX |||||||||||||||||spa|d
020 |a 9786071601407 
020 |a 9786071601186emp 
082 0 4 |a 972.01  |b FLO  |2 21 
100 0 |a Florescano, Enrique  |e author  |9 245674 
245 1 4 |a Los orígenes del poder en Mesoamérica 
300 |a 539 p 
942 |c BK 
945 |d 20100610 00:00:00  |a dcastane 
260 |a Ciudad de México  |b FCE  |c 2009 
650 0 |a Historia de México  |9 321806 
650 7 |a MESOAMERICA HISTORIA  |2 CL-VaPUC  |9 550409 
650 7 |a MEXICO HISTORIA PERIODO PRECLASICO  |2 CL-VaPUC  |9 550410 
650 7 |a MAYAS  |2 CL-VaPUC  |9 267590 
650 0 |a Aztecas  |9 265930 
583 |a last modification  |c 20120704 04:42:48  |k Rodrigo Vera 
999 |c 341339  |d 341337 
952 |0 0  |1 0  |4 0  |6 972_010000000000000_FLO_2009  |7 0  |8 A  |9 436729  |a BIBHIS  |b BIBHIS  |d 2019-11-22  |i 4682629  |o 972.01 FLO 2009  |p 4682629  |r 2025-01-20  |w 2019-11-22  |y BK  |k HIS 
952 |0 0  |1 0  |4 0  |6 972_010000000000000_FLO_2009  |7 0  |8 X  |9 436730  |a FDOBUD  |b FDOBUD  |d 2019-11-22  |i 479611K  |o 972.01 FLO 2009  |p 479611K  |r 2019-11-22  |w 2019-11-22  |y BK_X  |k BUD